Women of the Irish Revolution / (Record no. 189035)
[ view plain ]
| 000 -LEADER | |
|---|---|
| campo de control de longitud fija | 00916nam a2200265 i 4500 |
| 001 - NÚMERO DE CONTROL | |
| campo de control | 189035 |
| 003 - IDENTIFICADOR DE NÚMERO DE CONTROL | |
| campo de control | ES-MaACL |
| 005 - FECHA Y HORA DE LA ÚLTIMA TRANSACCIÓN | |
| campo de control | 20240103130015.0 |
| 008 - DATOS DE LONGITUD FIJA--INFORMACIÓN GENERAL | |
| campo de control de longitud fija | 190325s2016 ie co |||| |deng d |
| 020 ## - NÚMERO INTERNACIONAL ESTÁNDAR DEL LIBRO | |
| Número Internacional Estándar del Libro | 978-1-78117-465-4 |
| 100 1# - ENTRADA PRINCIPAL--NOMBRE DE PERSONA | |
| Nombre de persona | Gillis, Liz. |
| 9 (RLIN) | 166663 |
| 245 10 - MENCIÓN DEL TÍTULO | |
| Título | Women of the Irish Revolution / |
| Mención de responsabilidad, etc. | Liz Gillis. |
| 260 ## - PUBLICACIÓN, DISTRIBUCIÓN, ETC. | |
| Lugar de publicación, distribución, etc. | Cork [Irlanda] : |
| Nombre del editor, distribuidor, etc. | Mercier Press, |
| Fecha de publicación, distribución, etc. | [2016] |
| 300 ## - DESCRIPCIÓN FÍSICA | |
| Extensión | 240 p. : |
| Otras características físicas | il., retr., fot. ; |
| Dimensiones | 24 x 19 cm. |
| 500 ## - NOTA GENERAL | |
| Nota general | Índice. |
| 504 ## - NOTA DE BIBLIOGRAFÍA, ETC. | |
| Nota de bibliografía, etc. | Bibliografía: p. 230-231. |
| 650 #4 - PUNTO DE ACCESO ADICIONAL DE MATERIA--TÉRMINO DE MATERIA | |
| Término de materia o nombre geográfico como elemento de entrada | Mujeres- |
| Subdivisión geográfica | Irlanda. |
| 9 (RLIN) | 166664 |
| 651 #4 - PUNTO DE ACCESO ADICIONAL DE MATERIA--NOMBRE GEOGRÁFICO | |
| Nombre geográfico | Irlanda- |
| Subdivisión general | Historia- |
| Subdivisión cronológica | 1910-1921. |
| 9 (RLIN) | 165540 |
| 651 #4 - PUNTO DE ACCESO ADICIONAL DE MATERIA--NOMBRE GEOGRÁFICO | |
| Nombre geográfico | Irlanda- |
| Subdivisión geográfica | Historia- |
| Subdivisión cronológica | S.XX. |
| 9 (RLIN) | 8855 |
| 852 ## - LOCALIZACIÓN | |
| Ubicación | ES-MaACL |
| Número de control de estantería | A-14425 |
| itemnumber | 196171 |
| Sublocalización o colección | R.151785 |
| Ubicación en estantería | Depósito 1 |
| Signatura antigua | Olim: N-7425 |
| Donativo/Legado | Donación: Embajada de Irlanda |
| 914 ## - NOMBRE ENTIDAD DE DONANTE | |
| RLIN | 234032 |
| Nombre de congreso/reunión o jurisdicción como elemento de entrada | Embajada de Irlanda en España |
| Unidad subordinada | Donante |
| 942 ## - ELEMENTOS DE ENTRADA SECUNDARIOS (KOHA) | |
| Fuente del sistema de clasificación o colocación | Clasificación decimal universal |
| Tipo de ítem Koha | Libro impreso |
| Estatus retirado | Estado de pérdida | Estado de daño | No para préstamo | Biblioteca de origen | Biblioteca actual | Ubicación en estantería | Fecha de adquisición | Fuente de adquisición | Total de préstamos | Signatura topográfica completa | Código de barras | Visto por última vez | Precio de reemplazo | Tipo de ítem Koha |
|---|---|---|---|---|---|---|---|---|---|---|---|---|---|---|
| Biblioteca del Ateneo de Madrid | Biblioteca del Ateneo de Madrid | Sala Pecera Depósito 2 | 25/03/2019 | N-7425 | 1200204 | 23/02/2023 | 23/02/2023 | Libro impreso |
